[Event "Titled Tuesday intern op 30th May Early"]
[Site "Chess.com INT"]
[Date "2023.05.30"]
[Round "5"]
[White "Mikhailova, Irina"]
[Black "Fernandez Garcia, Gumersindo"]
[Result "1/2-1/2"]
[WhiteElo "2257"]
[BlackElo "2160"]
[PlyCount "153"]
[EventDate "2023.05.30"]
[EventType "swiss (blitz)"]
[EventRounds "11"]
[EventCountry "USA"]
[SourceTitle "CBM 214 Extra"]
[Source "ChessBase"]
[SourceDate "2023.07.31"]
[SourceVersion "1"]
[SourceVersionDate "2023.07.31"]
[SourceQuality "1"]

1. Nf3 Nf6 2. c4 c6 3. Nc3 d5 4. cxd5 cxd5 5. d4 g6 6. Bf4 Bg7 7. e3 0-0 8. h3 Nc6 9. Bd3 Bf5 10. 0-0 Ne4 11. Rc1 Rc8 12. Qe2 Qa5 13. a3 Rfe8 14. Bxe4 dxe4 15. Nd2 e5 16. Nc4 Qa6 17. Nxe5 Qxe2 18. Nxe2 Nxe5 19. Bxe5 Bxe5 20. dxe5 Rxe5 21. Rxc8+ Bxc8 22. Rc1 Be6 23. Nd4 Bd5 24. b4 Re7 25. Rc5 Rd7 26. b5 f5 27. g4 fxg4 28. hxg4 h6 29. Kh2 Kf7 30. Kg3 Ke7 31. a4 Kd6 32. Rc8 Rh7 33. Ra8 b6 34. Rc8 h5 35. gxh5 gxh5 36. Kh4 Rf7 37. Kxh5 Rxf2 38. Kg5 Ra2 39. Nf5+ Kd7 40. Rf8 Rxa4 41. Kf6 Bc4 42. Nd4 Kd6 43. Rd8+ Kc5 44. Ke5 Bxb5 45. Rd5+ Kc4 46. Rxb5 Kd3 47. Rb3+ Kd2 48. Kxe4 Ra1 49. Rd3+ Kc1 50. Rc3+ Kd2 51. Rd3+ Ke1 52. Nf3+ Kf2 53. Nd4 Re1 54. Rd2+ Kg3 55. Nf5+ Kh3 56. Rf2 a5 57. Rf3+ Kh2 58. Rf2+ Kg1 59. Rb2 a4 60. Rxb6 a3 61. Ra6 Ra1 62. Nd4 Kf2 63. Nc2 Rc1 64. Nxa3 Rc3 65. Kd4 Rxe3 66. Nc4 Re8 67. Rf6+ Kg3 68. Nd6 Re1 69. Kd5 Kg4 70. Ne4 Rd1+ 71. Ke5 Rd8 72. Rg6+ Kh5 73. Rg1 Re8+ 74. Kf5 Kh6 75. Nf6 Re5+ 76. Kf4 Rf5+ 77. Kxf5 1/2-1/2

[Event "Titled Tuesday intern op 23rd May Early"]
[Site "Chess.com INT"]
[Date "2023.05.23"]
[Round "4"]
[White "Fernandez Garcia, Gumersindo"]
[Black "Arcos Facio, Mateo"]
[Result "1-0"]
[WhiteElo "2160"]
[BlackElo "2094"]
[PlyCount "101"]
[EventDate "2023.05.23"]
[EventType "swiss (blitz)"]
[EventRounds "11"]
[EventCountry "USA"]
[SourceTitle "CBM 214 Extra"]
[Source "ChessBase"]
[SourceDate "2023.07.31"]
[SourceVersion "1"]
[SourceVersionDate "2023.07.31"]
[SourceQuality "1"]

1. e4 e5 2. Nf3 Nc6 3. d4 exd4 4. Bc4 Nf6 5. 0-0 Nxe4 6. Re1 d5 7. Bxd5 Qxd5 8. Nc3 Qa5 9. Nxe4 Be6 10. Neg5 0-0-0 11. Nxe6 fxe6 12. Rxe6 Qd5 13. Qe2 Bd6 14. Bg5 Rdf8 15. Re1 Rxf3 16. Qxf3 Qxg5 17. Re8+ Rxe8 18. Rxe8+ Kd7 19. Re1 Ne5 20. Qxb7 Qd2 21. Qe4 g6 22. Qe2 Qxe2 23. Rxe2 Nc4 24. b3 Na3 25. g3 Kc6 26. Kg2 Kc5 27. Rd2 Be5 28. Kf3 Kb4 29. Ke4 Kc3 30. Re2 Bf6 31. Kd5 Nxc2 32. Re6 Bg7 33. Ke4 c5 34. Re7 Bf8 35. Rf7 Bd6 36. Rd7 Bf8 37. Rd8 Bh6 38. Rc8 Kb4 39. a3+ Kxb3 40. Rxc5 Bc1 41. Ra5 Bxa3 42. Rxa7 Bb4 43. Rxh7 Ne1 44. Kxd4 Nf3+ 45. Ke3 Ne5 46. f4 Ng4+ 47. Kf3 Nf6 48. Rg7 g5 49. Rxg5 Bc5 50. h4 Bg1 51. h5 1-0

[Event "Titled Tuesday intern op 23rd May Early"]
[Site "Chess.com INT"]
[Date "2023.05.23"]
[Round "5"]
[White "Kriti, Mayur Patel"]
[Black "Fernandez Garcia, Gumersindo"]
[Result "0-1"]
[WhiteElo "1460"]
[BlackElo "2160"]
[PlyCount "118"]
[EventDate "2023.05.23"]
[EventType "swiss (blitz)"]
[EventRounds "11"]
[EventCountry "USA"]
[SourceTitle "CBM 214 Extra"]
[Source "ChessBase"]
[SourceDate "2023.07.31"]
[SourceVersion "1"]
[SourceVersionDate "2023.07.31"]
[SourceQuality "1"]

1. e4 c5 2. d4 cxd4 3. c3 dxc3 4. Nxc3 Nc6 5. Nf3 e6 6. Bc4 Nf6 7. Bg5 Qc7 8. Qe2 a6 9. Bxf6 gxf6 10. 0-0 Rg8 11. Rac1 Ne5 12. Nxe5 Qxe5 13. f4 Qc5+ 14. Kh1 Be7 15. Bb3 Qa5 16. Rfe1 b5 17. Nd5 exd5 18. exd5 Qb4 19. d6 Qxd6 20. Qe4 Rb8 21. Qxh7 Rf8 22. Qe4 Bb7 23. Qe3 Rg8 24. Re2 Kf8 25. Rce1 Re8 26. f5 Rg7 27. Qh6 Kg8 28. Qh5 Bf8 29. Bxf7+ Rxf7 30. Rxe8 Rg7 31. R8e2 Qd5 32. Qh3 Bb4 33. Rg1 Bc5 34. Rge1 Bf8 35. Rf1 b4 36. Qf3 Qxf3 37. gxf3 Re7 38. Rxe7 Bxe7 39. Kg2 Kf7 40. Rd1 d5 41. Kg3 Bd6+ 42. Kg4 Be5 43. b3 Bxh2 44. f4 d4 45. Rd2 Bg1 46. Rc2 Bd5 47. Rc7+ Ke8 48. Kh5 Be3 49. Kg6 d3 50. Kxf6 d2 51. Rc8+ Kd7 52. Rc2 d1Q 53. Rh2 Bxf4 54. Rh7+ Kd6 55. Kg7 Be5+ 56. Kf8 Qg4 57. Rh6+ Kc7 58. f6 Qc8+ 59. Kg7 Qg8# 0-1

[Event "Titled Tuesday intern op 16th May Early"]
[Site "Chess.com INT"]
[Date "2023.05.16"]
[Round "2"]
[White "Fernandez Garcia, Gumersindo"]
[Black "Petrosyan, Manuel"]
[Result "0-1"]
[WhiteElo "2160"]
[BlackElo "2629"]
[PlyCount "63"]
[EventDate "2023.05.16"]
[EventType "swiss (blitz)"]
[EventRounds "11"]
[EventCountry "USA"]
[SourceTitle "CBM 214 Extra"]
[Source "ChessBase"]
[SourceDate "2023.07.31"]
[SourceVersion "1"]
[SourceVersionDate "2023.07.31"]
[SourceQuality "1"]

1. d4 Nf6 2. c4 e6 3. Nf3 d5 4. g3 dxc4 5. Bg2 c5 6. 0-0 Nc6 7. dxc5 Qxd1 8. Rxd1 Bxc5 9. Nbd2 c3 10. bxc3 0-0 11. Nb3 Be7 12. Nfd4 Nxd4 13. cxd4 Nd5 14. Bb2 Bd7 15. Rac1 Rac8 16. e4 Nb4 17. a3 Ba4 18. axb4 Bxb3 19. Rxc8 Rxc8 20. Ra1 Rc2 21. Ba3 a5 22. Bf1 axb4 23. Bc1 Rc8 24. Bd2 Bc2 25. Ra7 b3 26. Rxb7 Ba3 27. Bc4 Rxc4 28. Rb8+ Bf8 29. Bc1 Ra4 30. Bb2 f6 31. f4 Kf7 32. e5 0-1

[Event "Titled Tuesday intern op 16th May Early"]
[Site "Chess.com INT"]
[Date "2023.05.16"]
[Round "3"]
[White "Kuchava, Ana"]
[Black "Fernandez Garcia, Gumersindo"]
[Result "1-0"]
[WhiteElo "2101"]
[BlackElo "2160"]
[PlyCount "153"]
[EventDate "2023.05.16"]
[EventType "swiss (blitz)"]
[EventRounds "11"]
[EventCountry "USA"]
[SourceTitle "CBM 214 Extra"]
[Source "ChessBase"]
[SourceDate "2023.07.31"]
[SourceVersion "1"]
[SourceVersionDate "2023.07.31"]
[SourceQuality "1"]

1. d4 Nf6 2. Nf3 g6 3. c4 Bg7 4. Nc3 0-0 5. e4 d6 6. Be2 e5 7. 0-0 Nbd7 8. Re1 Re8 9. Bf1 Nh5 10. Be3 a5 11. Qd2 Bf6 12. Rad1 c6 13. dxe5 dxe5 14. Na4 Qc7 15. Nc5 Nxc5 16. Bxc5 Ng7 17. Bd6 Qb6 18. Qc3 Bg4 19. c5 Qa7 20. Be2 Bxf3 21. Bxf3 Ne6 22. Bxe5 Bxe5 23. Qxe5 Qxc5 24. Qxc5 Nxc5 25. Rd4 Ne6 26. Rd7 Nc5 27. Rd4 Re7 28. g3 Rae8 29. Bg2 Kg7 30. f4 Ne6 31. Rd6 Nc5 32. Rd4 h5 33. e5 Ra8 34. Red1 a4 35. a3 Ra5 36. Rc4 Rb5 37. Rd2 h4 38. Rdc2 Nd3 39. Rxa4 Nxb2 40. Rb4 Rxb4 41. axb4 Nd3 42. b5 cxb5 43. Bf1 Nb4 44. Rb2 Nc6 45. Rxb5 Na7 46. Rb6 Nc8 47. Rb4 b6 48. Ba6 Rc7 49. Bxc8 Rxc8 50. Rxb6 h3 51. Rb2 Rc3 52. Kf2 Ra3 53. g4 Kh6 54. Re2 g5 55. f5 Kg7 56. Re3 Ra4 57. Kg3 Kf8 58. Kxh3 Ke7 59. Kg3 Rb4 60. h4 gxh4+ 61. Kxh4 Rb1 62. Kg5 Rb8 63. Rc3 Rg8+ 64. Kf4 Ra8 65. Rc7+ Kf8 66. Rb7 Rc8 67. Kg5 Re8 68. Kf6 Kg8 69. Rxf7 Ra8 70. e6 Rb8 71. Rc7 Rf8+ 72. Kg6 Ra8 73. e7 Kh8 74. Rd7 Rg8+ 75. Kf6 Kh7 76. Rd8 Rxg4 77. e8Q 1-0

[Event "Titled Tuesday intern op 16th May Early"]
[Site "Chess.com INT"]
[Date "2023.05.16"]
[Round "6"]
[White "Menahem, Adi"]
[Black "Fernandez Garcia, Gumersindo"]
[Result "1-0"]
[WhiteElo "2136"]
[BlackElo "2160"]
[PlyCount "71"]
[EventDate "2023.05.16"]
[EventType "swiss (blitz)"]
[EventRounds "11"]
[EventCountry "USA"]
[SourceTitle "CBM 214 Extra"]
[Source "ChessBase"]
[SourceDate "2023.07.31"]
[SourceVersion "1"]
[SourceVersionDate "2023.07.31"]
[SourceQuality "1"]

1. c4 e5 2. Nc3 Nf6 3. Nf3 e4 4. Ng5 b5 5. Ngxe4 Nxe4 6. Nxe4 bxc4 7. e3 d5 8. Nc3 Be7 9. d4 cxd3 10. Bxd3 0-0 11. 0-0 c6 12. b3 Bf6 13. Bb2 Nd7 14. Qc2 g6 15. Rac1 Ne5 16. Be2 Qd6 17. Rfd1 Qb8 18. g3 h5 19. h4 Bg4 20. Bxg4 hxg4 21. Ne2 Nf3+ 22. Kg2 Bxh4 23. Qc3 f6 24. Qxc6 Rf7 25. Qxd5 Kg7 26. Nf4 Bg5 27. Ne6+ Kg8 28. Nxg5 Nxg5 29. Rh1 Qb7 30. Qxb7 Rxb7 31. Bxf6 Nf7 32. Rc4 Rb6 33. Bd4 Re6 34. Rc7 a5 35. Rxf7 Kxf7 36. Rh7+ 1-0